| 000 | 003430000a22001450004500 | ||
|---|---|---|---|
| 003 | MACL | ||
| 040 | _aMACL | ||
| 090 |
_c32823 _d32821 |
||
| 100 | _aPuri, G K | ||
| 245 | _aGeneral Knowledge for all competitive examinations | ||
| 260 |
_bIIMS Publications _c2002 |
||
| 650 | _aGeneralities | ||
| 942 |
_cBOOK _k001/PUR |
||
| 951 | _o001/PUR BOOK | ||
| 999 |
_c32487 _d32487 |
||